| 000 | 00905nam a22002897a 4500 | ||
|---|---|---|---|
| 003 | CHAP | ||
| 005 | 20220329140735.0 | ||
| 008 | 971013s1994 r 00010 d | ||
| 010 | _a56867 | ||
| 011 | _a57839 | ||
| 035 | _a61994 | ||
| 040 | _cCHAP | ||
| 090 | _aFolleto 14551 v.14 | ||
| 110 |
_aProcuraduría Agraria. México _991847 |
||
| 245 | _aDel procedimiento en la Procuraduría Agraria | ||
| 260 |
_aMéxico, D. F. : _bLa Procuraduría, _c1994 |
||
| 300 | _a24 p. | ||
| 590 |
_aBATCH-UPD _b10 _c20130110 _lUCH01 _h0336 |
||
| 590 |
_aBATCH-UPD _b10 _c20130110 _lUCH01 _h1900 |
||
| 590 |
_aCONVERSION _b10 _c20130109 _lUCH01 _h1331 |
||
| 650 | 1 | 4 |
_aDerecho agrario _xFormatos. _931873 |
| 650 | 1 | 4 |
_aReforma agraria. _995517 |
| 901 | _aBK | ||
| 942 | _cFOLL | ||
| 949 |
_aFolleto 14551 v.14 _bBC _cFOLL _d-132968 _eTS1 _i61994 _si |
||
| 949 |
_aFolleto 14551 v.14 _bBC _cFOLL _d-132969 _eTS2 _fc.2 _i61994 _si |
||
| 999 |
_c56867 _d56867 |
||